000 00665nam a2200253Ia 4500
003 OSt
005 20220918163209.0
006 a|||||r|||| 00| 0
007 ta
008 220917b |||||||| |||| 00| 0 eng d
020 _a0 224 02024 2
024 _a29,959
037 _cTextual
040 _aARTS
_cARTS
_beng
041 _2eng
_aeng
082 _aO111,3N04x, M1
100 _aSinger Isaac B.
_911946
245 0 _aCollected stories
260 _aLondon
_bJonathan Cape UK
_c1981
300 _aviii, 610p.
_ccm.
650 _aENGLISH LITERATURE
942 _hO111,3N04x, M1
_cTEXL
_2CC
999 _c118393
_d118393